[Event "GRENKE Chess Classic 2018"]
[Site "Karlsruhe/Baden Baden GER"]
[Date "2018.04.09"]
[Round "9"]
[White "Hou Yifan"]
[Black "Naiditsch, A."]
[Result "1/2-1/2"]
[WhiteElo "2654"]
[BlackElo "2701"]
[PlyCount "127"]
[EventDate "2018.03.31"]

1. e4 e5 2. Nf3 Nc6 3. Bc4 Bc5 4. c3 Nf6 5. d3 d6 6. O-O h6 7. Re1 a5 8. Nbd2
O-O 9. Nf1 Be6 10. Bxe6 fxe6 11. Be3 Bxe3 12. Nxe3 d5 13. h3 a4 14. Qe2 a3 15.
b4 d4 16. cxd4 exd4 17. Nc2 Nh5 18. b5 Nf4 19. Qd1 Ne5 20. Nxe5 Qg5 21. Ng4 h5
22. Nxd4 hxg4 23. Qxg4 Qxg4 24. hxg4 Rad8 25. Nb3 Nxd3 26. Re2 b6 27. f3 Rd7
28. Rc2 Rfd8 29. Kf1 g5 30. Ke2 Rh7 31. Rd2 Nf4+ 32. Kf2 Rxd2+ 33. Nxd2 Rh2 34.
Rg1 Nh3+ 35. Kg3 Nxg1 36. Kxh2 Ne2 37. Nc4 Nc3 38. Nxa3 Nxa2 39. g3 Nb4 40. Kg2
c6 41. f4 cxb5 42. Nxb5 e5 43. Kf3 Nd3 44. Ke3 Nc5 45. f5 Kf7 46. Nc7 Nb7 47.
Ne6 Kf6 48. Nf8 Ke7 49. Nh7 b5 50. Nxg5 b4 51. Nf3 b3 52. Nd2 Nc5 53. g5 b2 54.
Nb1 Kf7 55. g6+ Kg7 56. g4 Kf6 57. Kf3 Kg7 58. g5 Nd3 59. Ke2 Nc5 60. Ke3 Na4
61. Ke2 Nc5 62. Kf3 Nd3 63. Kg4 Nf4 64. Kf3 1/2-1/2

[Event "GRENKE Chess Classic 2018"]
[Site "Karlsruhe/Baden Baden GER"]
[Date "2018.04.09"]
[Round "9"]
[White "Aronian, L."]
[Black "Bluebaum, M."]
[Result "1/2-1/2"]
[WhiteElo "2794"]
[BlackElo "2631"]
[PlyCount "82"]
[EventDate "2018.03.31"]

1. d4 Nf6 2. c4 e6 3. Nf3 d5 4. Nc3 Bb4 5. Bg5 dxc4 6. e4 c5 7. Bxc4 cxd4 8.
Nxd4 Bxc3+ 9. bxc3 Qa5 10. Bb5+ Bd7 (10... Nbd7 11. Bxf6 Qxc3+ 12. Kf1 gxf6 13.
h4 Qb4 14. Rb1 Qd6 {Karjakin,S (2763)-Aronian,L (2794) Berlin 2018}) 11. Bxf6
gxf6 12. Bxd7+ Nxd7 13. O-O Qxc3 14. Rc1 Qa5 15. Rb1 $146 (15. Qb3 Rd8 16. Nxe6
fxe6 17. Qxe6+ Kf8 18. Qd6+ Ke8 {Jobava,B (2687)-Wojtaszek,R (2745) Linares
2017}) 15... Rd8 16. Rxb7 Ne5 17. f4 Nc6 18. Nxc6 Qc5+ 19. Kh1 Qxc6 20. Qb3
Qxe4 21. f5 O-O 22. fxe6 fxe6 23. Rxa7 Rf7 24. Rxf7 Kxf7 25. Qc3 Qd4 26. Qf3
Rd5 27. h3 h5 28. a4 h4 29. Qf4 Qxf4 30. Rxf4 Rd1+ 31. Kh2 e5 32. Rxh4 f5 33.
Rb4 Ra1 34. h4 Kg6 35. g4 fxg4 36. Rxg4+ Kf5 37. Rb4 e4 38. Kg2 Kf4 39. h5 Ra2+
40. Kh3 Ra3+ 41. Kg2 Ra2+ 1/2-1/2

[Event "GRENKE Chess Classic 2018"]
[Site "Karlsruhe/Baden Baden GER"]
[Date "2018.04.09"]
[Round "9"]
[White "Vitiugov, N."]
[Black "Caruana, F."]
[Result "0-1"]
[WhiteElo "2735"]
[BlackElo "2784"]
[Annotator "Bojkov, Dejan"]
[PlyCount "80"]
[EventDate "2018.03.31"]

1. e4 e5 2. Nf3 Nf6 3. d4 Nxe4 4. dxe5 d5 5. Nbd2 Qd7 $146 {Right after the
end of the Candidates', Caruana (contrary to what most would think) decided to
check the opening in his last game. He was then intrigued by this computer
suggestion. At first sight the move looks silly.} ({That final game saw:} 5...
Nxd2 {(generally undesirable move as it develops the white pieces)} 6. Bxd2 Be7
7. Bd3 c5 8. c3 Nc6 9. O-O Bg4 {Grischuk,A (2767)-Caruana,F (2784) Berlin 2018}
) ({One understands Black's reluctance to alow the trade on e4 after a game
like this:} 5... Be7 6. Nxe4 dxe4 7. Qxd8+ Bxd8 8. Nd4 O-O 9. Bf4 Re8 10. Bc4
a6 11. O-O-O c5 $2 12. e6 $1 {and White was already winning in Guseinov,G 
(2661)-Savic,M (2525) Budva 2009}) 6. Bd3 {Other moves to be investigated by
White are:} (6. Be2) (6. Nb3) 6... Nc5 7. Be2 g6 {Black remembered that he
needs to fianchettoe the bishop.} ({The immediate} 7... Ne6 {is also possible.}
) 8. Nb3 ({Black expected something like:} 8. O-O Bg7 9. Re1 O-O 10. Bf1 Rd8)
8... Ne6 9. Be3 c5 10. Ng5 ({On} 10. Qd2 {Caruana planned} h6 (10... d4 11. Bh6
) 11. c3 b6 12. O-O-O Bb7 {and although Black lacks development, it is
difficult to see how will White profit from this fact.}) 10... b6 ({There is
no need to allow squares for the white knight with:} 10... d4 11. Ne4 Be7 12.
Bh6 Nc6 13. O-O Nxe5 (13... b6 14. Nf6+ Bxf6 15. exf6 Bb7 16. Re1 O-O-O 17. Bg4
{"and I felt it is easier for White to play" (Caruana)}) 14. f4 Nc6 15. f5 gxf5
16. Rxf5 {and White's initiative is dangerous, (Caruana)}) 11. Nxe6 ({Nothing
yeilds:} 11. Bf3 Bb7 12. c4 d4) 11... fxe6 {"Positionally well orientated. My
structure is more secure." (Caruana)} ({The American player believed that} 
11... Qxe6 {is also playable, with the idea:} 12. Bf3 Bb7 13. c4 Bg7 14. cxd5
Qxe5 {But this might not be the case after:} 15. d6 $1) 12. a4 (12. c3 $5 {
was more natural as suggested by Carlsen.}) 12... Bb7 13. O-O (13. c3 {again
is possible.}) 13... Nc6 14. f4 {Black can be happy with the opening outcome.
In the arising French pawn structure the second player managed to get the
better part of the center and to open the f-file for his pieces.} Bh6 15. a5 ({
On} 15. Qe1 Ne7 {was planned.} ({Naturally not:} 15... Nxe5 16. Bb5 Nc6 17.
Bxc5 $1 bxc5 18. Nxc5 Qe7 19. Nxb7)) 15... Ne7 {Caruana did not like the
alternatives that much:} (15... Rd8 16. axb6 axb6 17. Qe1 O-O ({Or} 17... Ne7
18. Ra7) {allows} 18. Qh4) ({Black also felt} 15... O-O 16. a6 Bc8 {is
unnecessary concession. Eventhough the bishop will be relocated later.}) 16.
Bg4 {A surprise for the second player.} (16. c3 Nf5 17. Bd2 {"looks pretty sad
(for White)" (Caruana)}) ({On} 16. Bf3 O-O 17. g3 {Caruana planned} g5 $5 18.
fxg5 Bg7) 16... d4 {Opens a bunch of useful light squares for the black pieces.
} (16... O-O 17. Bxc5 bxc5 18. Nxc5 Qc6 19. Nxe6 {"looked too messy even to
consider" (Caruana)}) 17. Bc1 O-O 18. Qd3 Bd5 $1 ({Not allowing the trades
after} 18... Nf5 19. Bf3) 19. Qh3 (19. Nd2 $6 Rxf4) ({On} 19. axb6 {Black was
planning:} c4 20. Qh3 ({But he apparently missed the strong reply} 20. Qxd4 $1
cxb3 21. c4 Bc6 22. Qxd7 Bxd7 23. Rxa7 {and White is cleary better.}) 20...
cxb3 21. Qxh6 bxc2 {"and I think I would win this" (Caruana)}) 19... Bg7 20.
Nd2 Nf5 {The difference in the status of the pieces is big. Further-on Black
can easily bring his pawn majority into motion.} 21. c4 ({If} 21. Nf3 Qe7 ({
Not allowing any piece swap again} 21... h6 22. Nh4) 22. Bd2 h6 23. Be1 (23. c3
d3) 23... Ne3 {(Caruana)}) 21... dxc3 ({Black rejected:} 21... Bc6 22. Nf3 Qe7
(22... h5 23. Bxf5 exf5) 23. Bd2 h6 24. Be1 {as in comparison to the
abve-mentioned line his pawn is hanging after} Ne3 25. Bxe6+) 22. bxc3 Rad8 23.
axb6 axb6 24. Re1 (24. Nf3 Qe7) ({Maybe White needed to relocate his bishop
with} 24. Be2 b5 25. Nf3 b4 26. cxb4 cxb4) (24. Bf3 {is anti-positional but
again it made sense to get rid of this moster on d5.}) 24... b5 25. Ne4 Qe7 ({
Or the computer suggestion-} 25... Bxe4 26. Rxe4 h5 27. Be2 Ra8 28. Rb1 c4 29.
Qf3 Qd5 {with Black domination.}) 26. Ng5 ({Caruana believed that White's best
defense was to provoke:} 26. Ba3 b4 27. cxb4 cxb4 28. Bb2 {and because of the
threat of a check on f6 to practically force the trade of the light-squared
bishop} Bxe4 29. Rxe4 {He then calculated:} Qc5+ 30. Kh1 Qc2 31. Rxb4 Rd3 32.
Bf3 Rfd8 ({Here the most convincing win is:} 32... Qd2 33. Rb7 Re3 $1 34. Rg1
Re1) 33. Rg1 Bf8 (33... Qd2 34. Rb7 Qxf4) 34. Rb7 h5 {(Caruana)}) 26... h6 27.
Nf3 Bc6 28. Bxf5 gxf5 {Black's advantage grew further. Thank to the bishop
pair he is able to play for a win in both middle and endgame.} 29. Be3 Rd3 30.
Rac1 Ra8 31. Qh4 Qxh4 32. Nxh4 c4 ({Rejecting} 32... Ra4 33. Bxc5 Rxf4 {
because of the tactics} 34. Ng6 Rc4 35. Ne7+ Kf7 36. Nxc6 Rxc5 {(Caruana)}) 33.
Kf2 Bf8 ({Black was also sure that he is winning after} 33... Ra3 34. Nf3 Bxf3
35. Kxf3 Raxc3 36. Rxc3 Rxc3 37. Rb1 Rb3 38. Rxb3 cxb3 39. Bd4 {but not on
100%.}) 34. Nf3 Bd5 ({Same thing as in the comment from above.} 34... Bxf3 35.
Kxf3 Ra3 36. Rb1 Rb3 37. Rxb3 cxb3 38. Ke2 Rxc3 39. Rb1) 35. Nd4 Bc5 ({Again,
no clear-cut win after} 35... b4 36. cxb4 Bxb4 37. Re2 {(Caruana)}) 36. Nxf5 {
Makse things easier for the second player.} ({Caruana still needed to prove
the win after} 36. Nc2 Be7 37. Nd4 ({Or} 37. Nb4 Bxb4 38. cxb4 Ra4)) 36... Ba3
37. Nxh6+ Kg7 38. f5 Bxc1 $1 ({Easier than} 38... Rxe3 39. Kxe3 Bxc1+ 40. Rxc1
Kxh6 41. Kd4 {which should also be a win, although not as smooth.}) 39. Bxc1
Rxc3 40. f6+ Kg6 0-1

[Event "GRENKE Chess Classic 2018"]
[Site "Karlsruhe/Baden Baden GER"]
[Date "2018.04.09"]
[Round "9"]
[White "Anand, V."]
[Black "Carlsen, M."]
[Result "1/2-1/2"]
[WhiteElo "2776"]
[BlackElo "2843"]
[PlyCount "81"]
[EventDate "2018.03.31"]

1. e4 c5 2. Nf3 d6 3. d4 cxd4 4. Nxd4 Nf6 5. Nc3 Nc6 {Anand didn't take this
into account at all, and expected the Najdorf. "I was surprised when his hand
went to the knight."} 6. Bg5 e6 7. Qd2 a6 8. O-O-O Bd7 9. f3 ({Anand suggested
that} 9. f4 {is more critical but, unprepared, it's not easy to play it.}) 9...
Nxd4 10. Qxd4 Be7 11. Kb1 (11. h4 Qc7 12. Kb1 b5 13. Qd2 b4 14. Ne2 a5 15. g4
h5 16. gxh5 Nxh5 17. Nd4 Rb8 {Areshchenko,A (2652)-Demchenko,A (2645) Tbilisi
2017}) 11... b5 {Anand thought this was slightly inaccurate because of his
reply.} 12. Bxf6 $1 $146 (12. g4 O-O 13. Be3 Bc6 14. h4 Nd7 15. h5 h6 16. Qd2
Rc8 {Gleichmann,M (2550)-Laghetti,G (2457) corr. 2015}) 12... gxf6 (12... Bxf6
13. Qxd6 {and Black's bishop is not going to d7 which normally gives full
compensation. (Anand)}) 13. Ne2 Rc8 14. Qd2 Qb6 15. Nf4 h5 16. g3 Rc7 17. Bd3
Kd8 18. c3 Kc8 19. Bc2 ({Carlsen thought White should go for the other plan
with} 19. h4 {and later g3-g4.}) 19... Kb8 20. a3 a5 {"At this point it felt
pretty OK for me actually." (Carlsen)} 21. Bb3 Rb7 22. Nd3 Bc6 23. Rhe1 Rd8 24.
f4 $6 {"A bit careless" said Anand, who mostly regretted not having the
f4-square for his knight or queen in the game.} d5 25. exd5 exd5 $5 {I was
briefly optimistic but then I realized there is very little I can do." 
(Carlsen)} 26. Ka1 Bf8 27. Rc1 Ka7 28. Ba2 Rc7 29. Red1 Bb7 30. Ne1 d4 (30...
b4 31. cxb4 Rxc1+ 32. Qxc1 axb4 33. axb4 Bxb4 34. Nd3) 31. Nc2 d3 (31... Bc5
32. b4 {Anand}) (31... Bf3 {doesn't work because of} 32. Nxd4 $1 Bxd1 33. Nxb5+
Qxb5 34. Qxd8 Rb7 35. b4 axb4 36. cxb4 Bxb4 37. Qd4+) 32. Nd4 Bc5 33. Qxd3 Bxd4
34. cxd4 Rxd4 35. Qe2 Rxc1+ 36. Rxc1 b4 37. Bxf7 h4 38. Qe3 Rd7 39. Qxb6+ Kxb6
40. Be6 Rd2 41. gxh4 1/2-1/2

[Event "GRENKE Chess Classic 2018"]
[Site "Karlsruhe/Baden Baden GER"]
[Date "2018.04.09"]
[Round "9"]
[White "Vachier Lagrave, M."]
[Black "Meier, G."]
[Result "1/2-1/2"]
[WhiteElo "2789"]
[BlackElo "2648"]
[PlyCount "103"]
[EventDate "2018.03.31"]

1. Nf3 d5 2. g3 Nf6 3. Bg2 e6 4. O-O Be7 5. d4 b5 {This surprised MVL.} 6. Qd3
$5 {"Probably a bit dubious but it gives interesting play as well." (MVL)} (6.
Nbd2 Bb7 7. Ne5 Nbd7 8. c4 bxc4 9. Ndxc4 c5 10. Bf4 O-O {Radjabov,T (2738)
-Aronian,L (2784) Berlin 2015}) 6... O-O (6... Nbd7 7. Nbd2 $5 {MVL}) 7. Bg5
$146 (7. Qxb5 Ba6 8. Qa5 Bxe2 9. Re1 Nc6 10. Qa4 Bxf3 11. Bxf3 Qd7 {Landa,K 
(2617)-Barbot,P (2453) Escaldes 2017}) 7... c6 8. Nbd2 a5 9. e4 Ba6 10. Rfe1 h6
11. Bxf6 Bxf6 12. c3 b4 13. c4 (13. Qc2 c5) 13... dxc4 14. Nxc4 Ra7 (14... Bxd4
15. Nxd4 c5 (15... e5 $5) 16. Rad1 cxd4 17. e5 Ra7 18. Qxd4 Qxd4 19. Rxd4 {
should be a draw (MVL).}) 15. Qc2 Bxc4 (15... Bxd4 $5 16. Nxd4 Qxd4 17. Nxa5
Qb6 {is also equal but Meier was more ambitious.}) 16. Qxc4 Rd7 17. Rad1 Qb6
18. Bf1 Rfd8 19. e5 Be7 20. Rc1 Qa7 {"Suddenly I didn't like my position that
much anymore." (MVL)} 21. Rc2 c5 22. Rec1 cxd4 23. Qd3 a4 24. b3 axb3 25. axb3
Qa5 26. Rc8 {"I was already bailing out." (MVL)} g6 27. h4 Kg7 28. h5 gxh5 29.
Be2 {The idea is Be2-d1-c2. "I got excited again." (MVL)} Rxc8 30. Rxc8 Rd8 31.
Rxd8 Bxd8 32. Qe4 Nd7 33. Bd3 Nf8 {"It didn't really work. I definitely played
too fast." (MVL)} 34. Nxd4 Qc5 35. Nf3 Bb6 36. Qe2 {"My position is just
holding by a thread." (MVL)} Nd7 (36... Ng6) 37. Kg2 Qd5 38. Bc4 Qc5 39. Bb5
Nf8 40. Bd3 Nd7 41. Bb5 Nf8 42. Bd3 Ng6 43. Qc2 Qc3 44. Be4 Bc7 45. Bxg6 fxg6
46. Qe4 Qc5 47. Qh4 Bxe5 (47... g5 48. Nxg5 hxg5 49. Qxg5+ Kf7 50. Qf6+ Ke8 51.
Qxe6+ Kd8 52. f4 {MVL}) 48. Nxe5 Qxe5 49. Qe7+ Kg8 50. Qe8+ Kg7 51. Qe7+ Kg8
52. Qe8+ 1/2-1/2